000 00533nam a2200145 4500
999 _c15529
_d15529
008 200527b ||||| |||| 00| 0 eng d
022 _a2094-8042
082 _aDPer 370.105 M72 June 2010-Mar 2011 v. 59 n. 1-10
100 _aLamug, Flocerfida A.
_942222
245 _aTeaching intermediate grades to read silently with enjoyment and efficiency/
_b
_cFlocerfida A. Lamug.
260 _aPhilippines:
_bIn the Grade School, Inc.,
_cc2010-2011.
300 _av59 n6, pages 232+;
_c28 cm.
650 _aReading.
_942161
942 _2ddc
_cPER